|
|
|
|
| LEADER |
01683nam a2200373 i 4500 |
| 001 |
EBC6462818 |
| 003 |
MiAaPQ |
| 005 |
20210625184312.0 |
| 006 |
m o d | |
| 007 |
cr cnu|||||||| |
| 008 |
210625s2021 enka o 000 0 eng d |
| 020 |
|
|
|z 9781800640337
|q (print)
|
| 020 |
|
|
|z 9781800640344
|q (electronic bk.)
|
| 035 |
|
|
|a (MiAaPQ)EBC6462818
|
| 035 |
|
|
|a (Au-PeEL)EBL6462818
|
| 035 |
|
|
|a (OCoLC)1237750547
|
| 040 |
|
|
|a MiAaPQ
|b eng
|e rda
|e pn
|c MiAaPQ
|d MiAaPQ
|
| 050 |
|
4 |
|a PJ5638
|b .M566 2021
|
| 082 |
0 |
|
|a 270.095691
|2 23
|
| 100 |
1 |
|
|a Minov, Sergey,
|e author.
|
| 245 |
1 |
4 |
|a The marvels found in the great cities and in the seas and on the islands :
|b a representative of 'Aga'ib literature in Syriac /
|c Sergey Minov.
|
| 264 |
|
1 |
|a Cambridge, England :
|b Open Book Publishers,
|c [2021]
|
| 264 |
|
4 |
|c 2021
|
| 300 |
|
|
|a 1 online resource (x, 202 pages) :
|b illustrations
|
| 336 |
|
|
|a text
|b txt
|2 rdacontent
|
| 337 |
|
|
|a computer
|b c
|2 rdamedia
|
| 338 |
|
|
|a online resource
|b cr
|2 rdacarrier
|
| 588 |
|
|
|a Description based on print version record.
|
| 590 |
|
|
|a Electronic reproduction. Ann Arbor, MI : ProQuest, 2018. Available via World Wide Web. Access may be limited to ProQuest affiliated libraries.
|
| 650 |
|
0 |
|a Christian literature, Syriac.
|
| 655 |
|
4 |
|a Electronic books.
|
| 776 |
0 |
8 |
|i Print version:
|a Minov, Sergey.
|t Marvels found in the great cities and in the seas and on the islands : a representative of 'Aga'ib literature in Syriac.
|d Cambridge, England : Open Book Publishers, c2021
|h x, 202 pages
|z 9781800640337
|
| 797 |
2 |
|
|a ProQuest (Firm)
|
| 856 |
4 |
0 |
|u https://ebookcentral.proquest.com/lib/matrademy/detail.action?docID=6462818
|z Click to View
|